Т. 1; Собрание сочинений; Жизненный и творческий путь Платона; Вводные замечания к тому I; Апология Сократа; Критон; Феаг; Алкивиад II; Менексен; Евтидем; Гиппий Меньший; Алкивиад I; Лахет; Евтифрон; Лисид; Хармид; Ион; Гиппий Больший; Протагор; Горгий; Менон; Кратил
| Parent link: | Собрание сочинений: пер. с древнегреч./ Платон; Российская академия наук; Институт философии; под ред. А. Ф. Лосева. Т. 1.— , 1990-1994.— 5-244-00385-2 |
|---|---|
| Idioma: | russo |
| Publicado em: |
1990
|
| TOC: | Жизненный и творческий путь Платона; А. Ф. Лосев, Вводные замечания к тому I; Апология Сократа; Критон; Феаг; Алкивиад II; Менексен; Евтидем; Гиппий Меньший; Алкивиад I; Лахет; Евтифрон; Лисид; Хармид; Ион; Гиппий Больший; Протагор; Горгий; Менон; Кратил; |
| Assuntos: | |
| Formato: | Livro |
| KOHA link: | https://koha.lib.tpu.ru/cgi-bin/koha/opac-detail.pl?biblionumber=19693 |
MARC
| LEADER | 00000nam2a2200000 4500 | ||
|---|---|---|---|
| 001 | 19693 | ||
| 005 | 20231101205310.0 | ||
| 035 | |a (RuTPU)RU\TPU\book\19861 | ||
| 035 | |a BOOK00019931 | ||
| 090 | |a 19693 | ||
| 100 | |a 20011209d1990 km y0rusy50 ca | ||
| 101 | 1 | |a rus |c grc | |
| 102 | |a RU | ||
| 105 | |a a z 001zy | ||
| 200 | 0 | |a Т. 1 | |
| 210 | |d 1990 | ||
| 215 | |a 860 с. |c ил. | ||
| 320 | |a Указатель имен и предметов: с. 815-860. | ||
| 461 | 1 | |0 (RuTPU)RU\TPU\book\66369 |y 5-244-00385-2 |t Собрание сочинений |o пер. с древнегреч. |o в 4 т. |f Платон |g Российская академия наук; Институт философии; под ред. А. Ф. Лосева |v Т. 1 |d 1990-1994 |s Философское наследие | |
| 464 | |t Жизненный и творческий путь Платона | ||
| 464 | |t Вводные замечания к тому I |f А. Ф. Лосев | ||
| 464 | |t Апология Сократа | ||
| 464 | |t Критон | ||
| 464 | |t Феаг | ||
| 464 | |t Алкивиад II | ||
| 464 | |t Менексен | ||
| 464 | |t Евтидем | ||
| 464 | |t Гиппий Меньший | ||
| 464 | |t Алкивиад I | ||
| 464 | |t Лахет | ||
| 464 | |t Евтифрон | ||
| 464 | |t Лисид | ||
| 464 | |t Хармид | ||
| 464 | |t Ион | ||
| 464 | |t Гиппий Больший | ||
| 464 | |t Протагор | ||
| 464 | |t Горгий | ||
| 464 | |t Менон | ||
| 464 | |t Кратил | ||
| 600 | 0 | |a Платон |c древнегреческий философ |f 428/427-348/347 гг. до н.э. |2 stltpush |3 (RuTPU)RU\TPU\pers\374 | |
| 606 | 1 | |a Греческая философия древняя |z 4 в. до н.э. |2 stltpush |3 (RuTPU)RU\TPU\subj\8638 |9 36010 | |
| 610 | 1 | |a философия | |
| 610 | 1 | |a история | |
| 610 | 1 | |a античная философия | |
| 610 | 1 | |a 5 век до н.э. | |
| 610 | 1 | |a 4 век до н.э. | |
| 610 | 1 | |a древнегреческий идеализм | |
| 610 | 1 | |a древнегреческая философия | |
| 686 | |a Ю3(0)321 |v LBC/SL-A |2 rubbk | ||
| 801 | 0 | |a RU |b 63413507 |c 20011209 |g PSBO | |
| 801 | 2 | |a RU |b 63413507 |c 20140709 |g PSBO | |
| 942 | |c BK | ||